| 000 | 00368nam a22001577a 4500 | ||
|---|---|---|---|
| 003 | SGT | ||
| 020 | _a9789350258910 | ||
| 082 |
_a617.645 _bP12R |
||
| 100 | _aRao, Arathi | ||
| 245 | _aPrinciples and practice of Pedodontics | ||
| 250 | _a3rd | ||
| 260 |
_aDelhi, India _bJaypee Publishers _c2012 |
||
| 300 | _a508 | ||
| 650 | _aPediatric Dentistry | ||
| 942 |
_2ddc _cBK |
||
| 999 |
_c26880 _d26880 |
||